| 000 | 01476cam a22004094i 4500 | ||
|---|---|---|---|
| 003 | PE-LiUPU | ||
| 005 | 20250731175644.0 | ||
| 008 | 150616s1959 sp r 000 0 spa d | ||
| 035 | _a(Sirsi) a5695 | ||
| 040 |
_aPE-LiUPU _bspa _cPE-LiUPU _erda |
||
| 049 | _aPRUA | ||
| 082 | 0 | 4 |
_a492.294 _bA88 _221 |
| 100 | 1 |
_aAuvray, P, _eautor. |
|
| 245 | 1 | 4 | _aLas lenguas sagradas. |
| 264 | 1 |
_aAndorra : _bEditorial Casal I Vall, _c1959. |
|
| 300 |
_a152 páginas ; _c19 centímetros |
||
| 336 |
_atext _2rdacontent |
||
| 337 |
_aunmediated _2rdamedia |
||
| 338 |
_avolume _2rdacarrier |
||
| 505 | 0 | _aLas lenguas semíticas -- La escritura hebrea -- el nombre hebreo -- El verbo hebreo -- La Literatura hebrea -- La lengua aramea -- El griego -- El latín. | |
| 526 | _aP145 | ||
| 526 | _aP127 | ||
| 526 | _aP97 | ||
| 526 | _aP35 | ||
| 526 | _aP14 | ||
| 526 | _aP07 | ||
| 650 | 0 | 4 | _aLenguas Semiticas. |
| 700 | 1 |
_aPoulain, P., _eautor. |
|
| 700 | 1 |
_aBlaise, A., _eautor. |
|
| 910 |
_ajck _bjvq _cjck |
||
| 942 |
_2ddc _cBOOK |
||
| 949 |
_a492.294 A88 _wDEWEY _c1 _i39359 _lCCODEBUL1 _mBUL _p40.00 _r0 _sY _tBOOK _u19951001 _xTEOLOGIA _zUNKNOWN _0COMPRA _o.STAFF. Colección Teología |
||
| 994 |
_aC0 _bPEPRU |
||
| 596 | _a1 | ||
| 999 |
_a492.294 A88 _wDEWEY _c56751 _i39359 _d56751 _e2019-8-9 _f2021-11-12 _g5 _lCCODEBUL1 _mBUL _n2 _p40.00 _r0 _sY _tBOOK _u2015-6-16 _xTEOLOGIA _PP35 _0COMPRA _o.STAFF. Colección Teología |
||
| 980 |
_81 _gALBERTO SANCHEZ Responsable de Automatización |
||